00933nam a2200217 a 450000100100000000500170001000800410002704000250006808200190009310000330011224500520014526000340019730000200023165000280025165000310027971000510031091000380036195201760039995201230057599900170069800004586920240412074305.0091006s1973 dr 000 p spa d aDO-SdBNPbspacBNPHU aRD861.44bE77m1 aEspaillat, Luis Ariel92533610aMis poemas y tu nombre /cLuis Ariel Espaillat. aSanto Domingo :bUASD,c1973. a41 p. ;c21 cm. 0aPoesía dominicana966 0aLiteratura dominicana.9671 aUniversidad Autónoma de Santo Domingo972951 aValidado. Control de calidad. MFF 0010718PDaPDbPDcHDd2015-05-26iLF1l0oRD861.44 E77mp45869-10r2020-06-25w2020-06-25yLFPDzPerteneció a la biblioteca personal de Erick Landestoy.ZNo se presta 0010718PDaPDbPDcHDd2015-07-27iLF1l0oRD861.44 E77mp45869-20r2020-06-25te. 2w2020-06-25yLFPDZNo se presta c45358d45358